366 fairy tales

Bibliographic Details
Other Authors: Clark, Colin, Smith, Sandra
Format: Book
Published: England : Brown Watson , 2010
Subjects:

MARC

LEADER 00000cam a2200000 7i4500
001 0000149687
005 20110317.0
020 |a 9780709706830 
090 0 0 |a JF   |b THR 
245 0 0 |a 366 fairy tales   |c translated by Colin Clark ; illustrated by Sandra Smith 
260 |a England :   |b Brown Watson ,   |c 2010 
300 |a 192p. :   |b ill. ;   |c 28cm. 
650 0 0 |a Children's stories 
700 1 |a Clark, Colin 
700 1 |a Smith, Sandra 
999 |a 00245138   |b BUKU   |c PINJAMAN   |e PERPUSTAKAAN KOMUNITI PETALING JAYA